000 01591nam a2200277 c 4500
003 DO-SdBNP
005 20240117133646.0
006 a||||fr|||| 00| 0
007 ta
008 240117e1944 dr o||| m||| 00| 0 spa d
040 _aDO-SdBNP
_bspa
_cBNPHU
_erda
082 4 _222
_bS477c
245 1 0 _aContribución al estudio de la Momordica Charantia:
_btesis para el doctorado, año académico 1944-1945 no. 4 /
_cAltagracia Olimpia Senior Acosta.
246 _atesis para el doctorado.
264 _aCiudad Trujillo :
_bMontalvo,
_c1944
300 _a50 página ;
_bIlustraciones, fotografías ;
_c28 cm
336 _2rdacontent
_atexto
_btxt
337 _2rdamedia
_asin mediación
_bn
338 _2rdacarrier
_avolumen
_bnc
500 _a"La Universidad no se hace solidaria de las opiniones emitidas por el sustentante". Ord. #. 21/ 40, de fecha 30 de septiembre del 1940.
504 _aBibliografía: 48 páginas.
505 _aIntroducción.
_gPrimera Parte:
_tEstudio botánico de las Cucububitáces.--
_gSegunda Parte:
_tNotación botánica.-- Sinonimia.-- Momordica Charantis Abbreviata.--
_gTercera Parte:
_tHistología.--
_gCuarta Parte:
_tComposición química.-- Cenizas. Calcio.-- Investigación de alcaloides.-- Reactivo Sonneschein.-- Reactivos Mayr y Marmé.-- Reactivos de Dranggendorff, Bouchardat.-- Investigación de Glucósidos.--
_gQuinta Parte:
_tExperiencias Fisiológicas.--Nómina de muestra.-
_tConclusiones.
_tBibliografía
590 _aInventariado 2024 / MF
710 1 _aInstituto Profesional de Santo Domingo
_bFaculta de Derecho Civil
_984783
942 _2ddc
_cLBS1
999 _c55719
_d55719